Statistics for Quizmaster Word Ladder Puzzle

Click here to take the quiz!

General Stats

  • This quiz has been taken 918 times
  • The average score is 38 of 50

Answer Stats

HintLadder% Correct
What this isQuiz
95%
To eject saliva from the mouthSpit
94%
To give up or discontinueQuit
90%
Now give yourself a ___ on the back!Pat
89%
Animal that can sleep upside downBat
87%
A permanent cut on the skinScar
85%
Part of a shark's bodyFin
85%
Structure above hull, on a shipMast
84%
Present tense of "ran"Run
84%
Absence of lightDark
83%
Meat from a pigPork
83%
To be physically healthyFit
83%
Past tense of #4 (add a letter)Spat
83%
Wal-____Mart
82%
What to do at an auctionBid
82%
Awesome, excitingFun
82%
Central ____ in New YorkPark
82%
What Usain Bolt didRan
82%
Young Peter's last namePan
81%
Speedy, agileFast
81%
Drill ___Bit
80%
I'm telling you, it's BOTTOMLESS!Pit
79%
____ and tie, Law____Suit
79%
Twirl (subtract a letter)Spin
77%
A play on words (subtract a letter)Pun
76%
One who acts oddDork
76%
To fight or duelSpar
76%
Past tense of "spin"Spun
75%
Used on the stovePot
75%
One of the five sensesTaste
74%
A country in western Europe (add a letter)Spain
73%
The result of breaking a boneCast
72%
The highest rank, proMaster
72%
BeforehandPast
71%
A short playSkit
71%
Aim for the face!Dart
71%
SectionPart
70%
"Friends" Parody of Central 'Park'Perk
70%
Trash, GarbageWaste
69%
More than fastFaster
68%
Cut and _____ (add a letter)Paste
68%
X marks this (add a letter)Spot
67%
To glance at or overScan
66%
Young, youthful (subtract a letter)Kid
66%
9 inches (22.86 cm)Span
66%
One who tastes (add a letter)Taster
63%
To create friction, slowing one downSkid
63%
A ship's dockPort
63%
A particular kindSort
54%
Produced during combustion of coalSoot
53%

Score Distribution

Percentile by Number Answered

Percent of People with Each Score

Your Score History

You have not taken this quiz